000 00716nam a2200193Ii 4500
003 JO-AjNU
008 230605s9999||||xx |||||||||||||| ||und||
040 _aJO-AjNU
_bara
_erda
_cJO-AjNU
041 _aara
050 1 4 _aHF 5653.A7.H2 1973
100 3 _aالحاج،نعمة الله حبيب,
_eauthor
_97272
245 0 0 _aالدليل في لغة الاعمال: تجارة- محاسبة- ادارة اعمال
264 3 1 _aبيروت: دار مكتبة الحياة، 1973
300 _a226ص
_bيحتوي على ببلوغرافية من ص213-226 ص
336 _atext
_btxt
_2rdacontent
337 _aunmediated
_bn
_2rdamedia
338 _avolume
_bnc
_2rdacarrier
650 4 _aادارة الاعمال
_97273
999 _aA196
_c3764
_d3764